000 01180nam a22002537a 4500
005 20110803135844.0
010 _aB-437512-513
020 _a8183280250
_c50.00
020 _a9788183280259
_c50.00
035 _aB-437512-513
037 _bAllied/DE/2010/CR/0003015/31.3.11/293/24.3.11/191/31.3.11
082 _a582.13
100 _aDutta, Sukanya
_931043
245 _aPlants make friends too
_cby Sukanya Dutta
_ba collection of prose translation
260 _aNew Delhi
_bWisdom Tree
_c2008.
270 _a4779/23, Ansari Road
_bNew Delhi
_e110002
300 _a61 p.
_c18 cm (Pbk)
_bill
490 _aFun with science
_931044
700 _931020
942 _2ddc
_cEN
_h582.13
_mDUT
999 _c54773
_d54773